| 000 | 00717nam a22002057a 4500 | ||
|---|---|---|---|
| 005 | 20161130130902.0 | ||
| 010 | _aENG-116716 | ||
| 020 |
_a9788184845389 _c650.00 |
||
| 035 | _aEN-100248 | ||
| 037 | _bDBAD/PUB | ||
| 082 | _a385.0683 | ||
| 100 | _aArputharaj, A. Nilasco | ||
| 245 |
_aPerformance appraisal system : _cby A. Nilasco Arputharaj [and] P.C. Sekar ; foreword by Suresh Prabhu _ba case study of southern Railway / |
||
| 260 |
_aNew Delhi _bRegal Publications _c2016 |
||
| 270 |
_aF-159, Rajouri Garden _bNew Delhi _e110027 |
||
| 300 |
_axii,144p. _c23cm(Hb) |
||
| 500 | _aIncludes bibliographical references and index | ||
| 700 | _aSuresh Prabhu | ||
| 942 |
_2ddc _cEN _h385.0683 _mARP |
||
| 999 |
_c104875 _d104875 |
||